000 00866nam a2200217Ii 4500
003 JO-AjNU
008 230605s9999||||xx |||||||||||||| ||und||
020 _a9957-07-134-3
040 _aJO-AjNU
_bara
_erda
_cJO-AjNU
041 _aara
050 1 4 _aBP153.T3634 2001
100 3 _aتاليف الشافعي، تقي الدين أبي بكر بن محمد الحسيني الدمشقي؛ تحقيق وخرج احاديثة وتعليق أبو عبدالله النعماني الأثرى,
_eauthor
_940944
245 0 0 _aكفاية الأخيار في حل غاية الإختصار
250 _aط1
264 3 1 _aعمان: دار الفكر للنشر والتوزيع، 2001
300 _a825ص
336 _atext
_btxt
_2rdacontent
337 _aunmediated
_bn
_2rdamedia
338 _avolume
_bnc
_2rdacarrier
650 4 _aالفقة الشافعي
_940945
999 _aA17416
_c20984
_d20984